000 00424nam a2200145Ia 4500
008 100122s9999 xx 000 0 und d
082 _b66803
_a824
100 _aराऊत भारतकुमार
245 _aदृष्टिकोन
260 _bअनघा प्रकाशन
_c2004
300 _a192
630 _aदृष्टिकोन
730 _aदृष्टिकोन
942 _cBOOK
999 _c439196
_d439193